All European native languages - Statistics

General Stats
  • This quiz has been taken 12,527 times
    579 since last reset
  • The average score is 102 of 225
Answer Stats
Speakers Language % Correct
700 million English
100%
274 million French
99%
260 million Russian
99%
570 million Spanish
99%
110 million German
98%
250 million Portuguese
98%
90 million Italian
97%
9.6 million Swedish
97%
2,800 Cappadocian Greek
96%
2,000 Grecanic
96%
13.4 million Greek
96%
70,000 Griko
96%
21 million Serbo-Croatian
96%
1.5 million Torlakian
96%
1,500 Tsakonian
96%
8,000 Kven
95%
5.2 million Norwegian
95%
55 million Polish
95%
28 million Dutch
94%
5.4 million Finnish
94%
2 million Irish
94%
60,000 Meänkieli
94%
45 million Ukrainian
94%
929 Resian
93%
5.2 million Slovak
93%
2.5 million Slovene
93%
88 million Turkish
93%
763,700 Balkan Romani
92%
50,000 Baltic Romani
92%
440,000 Caló
92%
150,000 Carpathian Romani
92%
1,000 Erromintxela
92%
11,700 Kalo
92%
150 Scandoromani
92%
460 Scots-Romani
92%
170,000 Serbo-Romany
92%
195,200 Sinte Romani
92%
538,500 Vlax Romani
92%
10.7 million Czech
91%
5.5 million Danish
91%
1.1 million Estonian
91%
30 million Romanian
91%
9 million Bulgarian
90%
13 million Hungarian
90%
1.8 million Latvian
90%
3.1 million Lithuanian
90%
4.1 million Gheg Albanian
88%
1.2 million Kajkavian
88%
1.8 million Tosk Albanian
88%
360,000 Icelandic
87%
100,000 Arbëresh
86%
50,000 Arvanitika
86%
6.4 million Belarusian
84%
10 million Catalan
84%
57,000 Scottish Gaelic
81%
2.5 million Macedonian
80%
520,000 Maltese
79%
710,000 Welsh
79%
480,000 Chakavian
77%
1,000 Slavomolisano
77%
751,000 Basque
76%
60,000 Romansh
74%
3.7 million Georgian
73%
4.7 million Sicilian
73%
3.8 million Eastern Armenian
72%
1.6 million Western Armenian
72%
14 million Bavarian
71%
100,000 Gallurese
69%
390,000 Luxembourgish
69%
23 million North Azerbaijani
67%
1.4 million West Flemish
67%
45,000 Eonavian
65%
25,000 Northern Sámi
65%
1 million Sardinian
65%
155,000 Corsican
64%
400 Inari Sámi
64%
341 Kildin Sámi
64%
2,000 Lule Sámi
64%
50 Pite Sámi
64%
330 Skolt Sámi
64%
600 Southern Sámi
64%
20 Ume Sámi
64%
226,000 Breton
63%
11,000 Fala
63%
3 million Galician
63%
480,000 Crimean Tatar
60%
2,000 Cornish
58%
100,000 Judeo-Tat
58%
800,000 Occitan
58%
28,000 Tat
58%
1,111 Cimbrian
57%
1,397 | 1,900 Mòcheno
57%
340 Gardiol
56%
1.6 million Scots
56%
5.2 million Tatar
56%
3.9 million Venetian
54%
900 Cypriot Maronite Arabic
53%
1,800 Manx
52%
10,000 North Frisian
51%
2,000 Saterland Frisian
51%
470,000 West Frisian
51%
72,000 Faroese
50%
5.7 million Neapolitan
50%
1.4 million Chechen
47%
1.5 million Yiddish
45%
4,700 Jèrriais
43%
500,000 Ligurian
43%
200 Guernésiais
42%
7.1 million Alemannic
41%
3.5 million Lombard
41%
60,000 Siculo-Lombard
41%
570,000 Ossetian
40%
600,000 Walloon
40%
36,000 Karelian
38%
25,000 Aragonese
36%
510,000 Silesian
36%
19,000 Norman
35%
3 Sercquiais
35%
190,000 Abkhaz
34%
623,500 Rusyn
33%
6,900 Lower Sorbian
32%
700,000 Piedmontese
32%
13,000 Upper Sorbian
32%
641,500 Asturian
30%
41,100 Ladin
29%
576,000 Adyghe
28%
1 million Chuvash
28%
108,000 Kashubian
28%
1.6 million Kabardian
27%
1.8 million Low German
26%
1.2 million Bashkir
25%
600,000 Friulian
24%
30,000 Hill Mari
24%
80,500 Kalmyk
24%
470,000 Meadow Mari
24%
7,000 Northwestern Mari
24%
250,000 Aromanian
23%
306,000 Ingush
22%
220,000 Komi
22%
50,000 Leonese
22%
1.3 million Limburgish
22%
1 million Avar
21%
140,000 Gagauz
21%
15,000 Mirandese
21%
330,000 Rumelian
21%
340,000 Udmurt
21%
900,000 Alsatian
20%
21,900 Nenets
20%
700,000 Picard
20%
820,000 Swabian
20%
200,000 Transylvanian Saxon
20%
1.5 million Emilian
18%
400,000 Palatine German
18%
200,000 Extremaduran
17%
4.9 million East Franconian
16%
1,000 Faetar
16%
400,000 Ladino
16%
41 Livonian
16%
800,000 Romagnol
16%
36,700 Erzya
15%
360,000 Lorraine Franconian
15%
108,000 Moravian
15%
2,000 Moksha
14%
140,000 Arpitan
13%
310,000 Karachay-Balkar
13%
130,000 Võro-Seto
13%
50,000 Burgundian
12%
3,000 Cantabrian
12%
10 Ingrian
12%
22,000 Laz
12%
200,000 Latgalian
11%
87,000 Nogai
11%
2.15 million Dutch Low Saxon
10%
9,600 Khanty
10%
1,600 Veps
10%
655,000 Lezgi
9%
14,000 Svan
9%
1,400 Istro-Romanian
8%
344,000 Mingrelian
8%
778,000 Pontic Greek
8%
426,200 Qumuq
8%
20 Wymysorys
8%
220,000 Zeelandic
8%
50,000 Abaza
7%
152,000 Lak
7%
15,000 Lorrain
7%
490,000 Dargwa
6%
2,000 Elfdalian
6%
900,000 Ripuarian
6%
500,000 Samogitian
6%
29,300 Aghul
5%
28,000 Gallo
5%
5,000 Megleno-Romanian
5%
36,400 Rutul
5%
1,000 Selkup
5%
90,000 Shelta
5%
127,000 Tabasaran
5%
5,800 Andi
4%
5,000 Gutnish
4%
1,300 Istriot
4%
250 Italkit
4%
100,000 Sassarese
4%
220,000 Talysh
4%
21 Votic
4%
1,000 Franc-Comtois
3%
80 Karaim
3%
22,300 Tsakhur
3%
6,500 Udi
3%
190,000 Urum
3%
9,521 Akhvakh
2%
1,500 Bagvalal
2%
6,800 Bezhta
2%
5,073 Botlikh
2%
5,171 Chamalal
2%
1,500 Hunzib
2%
200 Krymchak
2%
2,200 Tindi
2%
1,500 Barranquenho
1%
50,000 Champenois
1%
3,200 Godoberi
1%
9,549 Karata
1%
1,000 Khinalug
1%
1,700 Khwarshi
1%
300,000 Poitevin-Saintongeais
1%
No matching quizzes found
Score Distribution
Percent of People with Each Score
Percentile by Number Answered
Your Score History
You have not taken this quiz since the last reset